000 00882nam a2200265Ia 4500
999 _c53641
_d53641
001 20688
003 GE_BSU
005 20210304142953.0
008 181216s2018||||xx |||||||||||||| ||eng||
020 _a9781259072321
040 _cGE_BSU
041 _aeng
080 _a611.018 M-60
100 _aMescher, Anthony L.
_910334
245 _aJunqueira's Basic Histology :
_bText and Atlas /
_cMescher, Anthony L.
250 _aThirteenth edition
264 _aNew York
_bMcGraw hill,
_c2013.
300 _a544 p. :
_bCD-ROM INCLUDED ;
_c28cm.
541 _h77 Gel.
653 _aJunqueira's Basic Histology : Text and Atlas
653 _aThe histology text the medical field turns to first -- authoritative, concise, beautifully illustrated, and completely up-to-date
653 _aმედიცინა
653 _aჰისტოლოგია
942 _cBK
_2udc